| 000 | 006780000a22001810004500 | ||
|---|---|---|---|
| 003 | MACL | ||
| 005 | 20160531162959.0 | ||
| 008 | 160531b xxu||||| |||| 00| 0 eng d | ||
| 040 |
_aMACL _cMACL |
||
| 041 | _aHindi | ||
| 082 | _a900 VYA | ||
| 100 |
_aव्यास, राम प्रसाद _961084 |
||
| 245 |
_aस्वतंत्रता संग्राम में राजस्थान का योगदान _cराम प्रसाद व्यास |
||
| 260 |
_bराजस्थानी ग्रन्थागार _c2004 _aजोधपुर |
||
| 350 | _a250 | ||
| 650 |
_aHistory _961086 |
||
| 942 |
_cHIN _k900 _2ddc |
||
| 999 |
_c18058 _d18058 |
||